000 00624cam a2200241 a 4500
001 4750589
005 20180215092813.0
008 850508s1985 nyua 000 0 eng
010 _a 85011122
020 _a086565056X :
_c$45.00
040 _aDLC
_cDLC
_dDLC
041 _aeng
043 _ae-it---
080 _a779.994531 FAV
082 0 0 _a779.994531 FAV
_219
100 1 _a42
101 _aART
245 1 0 _aVenice II /
_ctext by Olivier Bernier ; photographs by Fulvio Roiter.
740 0 _aVenice 2.
740 0 _aVenice two.
906 _a7
_bcbc
_corignew
_d1
_eocip
_f19
_gy-gencatlg
942 _2ddc
_cBK
999 _c42709
_d42709